[Event "Lueneburg op-A"]
[Site "Lueneburg"]
[Date "2018.07.09"]
[Round "5"]
[White "Marxen, Peter"]
[Black "Kardoeus, David"]
[Result "1/2-1/2"]
[WhiteElo "2068"]
[BlackElo "2188"]
[PlyCount "135"]
[EventDate "2018.07.06"]
[EventType "swiss"]
[EventRounds "9"]
[EventCountry "GER"]
[SourceTitle "CBM 185 Extra"]
[Source "ChessBase"]
[SourceDate "2018.07.29"]
[SourceVersion "1"]
[SourceVersionDate "2018.07.29"]
[SourceQuality "1"]

1. e4 c5 2. Nf3 Nc6 3. d4 cxd4 4. Nxd4 Nf6 5. Nc3 e5 6. Ndb5 d6 7. Bg5 a6 8. Na3 b5 9. Nd5 Be7 10. Bxf6 Bxf6 11. c3 0-0 12. Nc2 Bg5 13. a4 bxa4 14. Rxa4 Rb8 15. Ra2 a5 16. Bc4 Be6 17. 0-0 Kh8 18. b3 Ne7 19. Nce3 Bxe3 20. Nxe3 Qc7 21. Qd3 Bxc4 22. bxc4 Qc5 23. Rd1 Rb6 24. Nd5 Nxd5 25. Qxd5 Qxd5 26. cxd5 Ra8 27. Ra4 Rb3 28. Rc1 g6 29. Kf1 f5 30. exf5 gxf5 31. c4 Rb4 32. Rxb4 axb4 33. Rb1 Ra4 34. Ke2 Kg7 35. Kd3 Ra3+ 36. Ke2 b3 37. Kd2 Ra2+ 38. Ke1 e4 39. Rxb3 Kf6 40. Rh3 Ke5 41. Rxh7 f4 42. f3 e3 43. g3 Kd4 44. Rb7 Rxh2 45. gxf4 Kxc4 46. Ra7 Rf2 47. Ra4+ Kd3 48. Ra3+ Kd4 49. Ra4+ Kxd5 50. f5 Rxf3 51. Ke2 Rxf5 52. Kxe3 Rf1 53. Ke2 Rh1 54. Kd2 Ke5 55. Rg4 d5 56. Ra4 Rh2+ 57. Kd3 Rh3+ 58. Kd2 Rb3 59. Rh4 Ra3 60. Rg4 Kd6 61. Rh4 Kc5 62. Rg4 Rf3 63. Rh4 Rf2+ 64. Ke3 Rf5 65. Kd3 d4 66. Rxd4 Rf3+ 67. Ke2 Kxd4 68. Kxf3 1/2-1/2

[Event "BL2-Nord 1617"]
[Site "Germany"]
[Date "2017.05.07"]
[Round "9.7"]
[White "Meissner, Felix"]
[Black "Marxen, Peter"]
[Result "1-0"]
[WhiteElo "2305"]
[BlackElo "2072"]
[PlyCount "97"]
[EventDate "2016.10.16"]
[EventType "team-tourn"]
[EventRounds "9"]
[EventCountry "GER"]
[SourceTitle "EXT 2018"]
[Source "ChessBase"]
[SourceDate "2017.10.13"]
[SourceVersion "1"]
[SourceVersionDate "2017.10.13"]
[SourceQuality "1"]
[WhiteTeam "Hamburger SK II"]
[BlackTeam "Kiel Turm"]
[WhiteTeamCountry "GER"]
[BlackTeamCountry "GER"]

1. e4 c6 2. Nc3 d5 3. Qe2 d4 4. Nd1 e5 5. d3 Bd6 6. g3 c5 7. f4 exf4 8. e5 Bc7 9. gxf4 Nc6 10. Nf3 Bf5 11. Rg1 g6 12. Bg2 Nge7 13. Nf2 Ba5+ 14. Kf1 h6 15. Nh4 Qd7 16. Nxf5 gxf5 17. Bh3 Qd5 18. a3 0-0-0 19. Ne4 Kb8 20. Nf6 Qe6 21. b3 Nd5 22. Nxd5 Rxd5 23. Qh5 Ne7 24. Rg7 Rf8 25. Rh7 Rdd8 26. Qxh6 Qc8 27. Qh5 Rg8 28. Qf3 Qe6 29. Bg2 Nc6 30. Rh3 Rg7 31. Rg3 Rdg8 32. Rxg7 Rxg7 33. Qh5 Rg8 34. Rb1 Bc3 35. Qf3 Qh6 36. Qh3 Qe6 37. Qh5 a6 38. a4 Ka7 39. Ba3 Bb4 40. Bxb4 Nxb4 41. Qf3 Qe7 42. Qf2 Qe6 43. Qf3 Qe7 44. Rc1 Na2 45. Re1 Nc3 46. e6 fxe6 47. Rxe6 Qd7 48. Re5 Rb8 49. Qh5 1-0

[Event "MVP-ch Seniors op 15th"]
[Site "Binz"]
[Date "2015.11.24"]
[Round "1.14"]
[White "Berger, Volkmar"]
[Black "Marxen, Peter"]
[Result "0-1"]
[WhiteElo "1677"]
[BlackElo "2026"]
[PlyCount "62"]
[EventDate "2015.11.24"]
[EventType "swiss"]
[EventRounds "9"]
[EventCountry "GER"]
[SourceTitle "EXT 2017"]
[Source "ChessBase"]
[SourceDate "2016.10.25"]
[SourceVersion "1"]
[SourceVersionDate "2016.10.25"]
[SourceQuality "1"]

1. d4 Nf6 2. c4 c5 3. Nf3 cxd4 4. Nxd4 e6 5. g3 a6 6. Bg2 Qc7 7. b3 Bb4+ 8. Bd2 Be7 9. 0-0 0-0 10. Bf4 d6 11. Nf3 Nc6 12. c5 e5 13. cxd6 Bxd6 14. Bg5 e4 15. Nd4 Nxd4 16. Bxf6 gxf6 17. Bxe4 f5 18. Bd3 Be5 19. e4 Nxb3 20. exf5 Nxa1 21. f6 Bxf6 22. Qh5 Rd8 23. Qxh7+ Kf8 24. Na3 Be6 25. Nc2 Nxc2 26. Bxc2 Ke7 27. Re1 Rd6 28. Bb3 Qc3 29. Qe4 Kf8 30. Re3 Qc6 31. Qf4 Bxb3 0-1

[Event "Berlin Lichtenberger op 11th"]
[Site "Berlin"]
[Date "2012.08.23"]
[Round "6"]
[White "Marxen, Peter"]
[Black "Schmidek, Emil"]
[Result "1-0"]
[WhiteElo "2140"]
[BlackElo "1836"]
[PlyCount "75"]
[EventDate "2012.08.18"]
[EventType "swiss"]
[EventRounds "9"]
[EventCountry "GER"]
[SourceTitle "CBM 150 Extra"]
[Source "ChessBase"]
[SourceDate "2012.10.19"]
[SourceVersion "1"]
[SourceVersionDate "2012.10.19"]
[SourceQuality "1"]

1. c4 Nf6 2. d4 g6 3. Nc3 Bg7 4. g3 d6 5. Bg2 0-0 6. Nf3 Nbd7 7. 0-0 e5 8. dxe5 dxe5 9. Qc2 c6 10. Rd1 Qe7 11. e4 Nc5 12. h3 Qc7 13. b3 Re8 14. Be3 Ne6 15. Rac1 Nf8 16. Bc5 Be6 17. Bd6 Qc8 18. Kh2 N6d7 19. Qd2 f6 20. Bf1 Bf7 21. h4 Ne6 22. Bh3 Qd8 23. Qb2 Qc8 24. Nd5 Nd4 25. Nxd4 cxd5 26. cxd5 Qd8 27. Bc7 Qc8 28. Ne6 b5 29. Bd6 Qa6 30. Rc6 Qb7 31. Rc7 Qb6 32. Rxd7 f5 33. exf5 Bxe6 34. dxe6 Bf6 35. Bxe5 Bxh4 36. Bc7 Bf6 37. Qxf6 Qxf2+ 38. Bg2 1-0

[Event "Berlin Lichtenberger op 11th"]
[Site "Berlin"]
[Date "2012.08.18"]
[Round "1"]
[White "Rauscher, Joachim"]
[Black "Marxen, Peter"]
[Result "0-1"]
[WhiteElo "1866"]
[BlackElo "2140"]
[PlyCount "80"]
[EventDate "2012.08.18"]
[EventType "swiss"]
[EventRounds "9"]
[EventCountry "GER"]
[SourceTitle "CBM 150 Extra"]
[Source "ChessBase"]
[SourceDate "2012.10.19"]
[SourceVersion "1"]
[SourceVersionDate "2012.10.19"]
[SourceQuality "1"]

1. e4 c5 2. Nf3 Nc6 3. d4 cxd4 4. Nxd4 Nf6 5. Nc3 e6 6. a3 Qc7 7. Nxc6 bxc6 8. Bd3 d5 9. exd5 exd5 10. 0-0 Be7 11. Re1 0-0 12. h3 Re8 13. Bg5 Be6 14. Bh4 Qf4 15. Bg3 Qh6 16. Qc1 Qxc1 17. Raxc1 Nh5 18. Bh2 Bg5 19. Rcd1 Nf4 20. Bf1 Bf5 21. Rxe8+ Rxe8 22. Rd4 Ne6 23. Ra4 Bxc2 24. Rxa7 d4 25. Na2 d3 26. Nc3 Bf6 27. Rd7 Rd8 28. Rxd8+ Bxd8 29. b4 f5 30. Be5 Bb6 31. a4 Nd4 32. a5 Ba7 33. Bc7 Nb5 34. Nxb5 cxb5 35. Bb6 d2 36. Be2 Bb8 37. a6 Kf7 38. a7 Bxa7 39. Bxa7 f4 40. Kf1 Bd3 0-1

[Event "Oberliga Nord N 0910"]
[Site "Germany"]
[Date "2010.03.21"]
[Round "8.5"]
[White "Marxen, Peter"]
[Black "Rieck Perschonke, Ingvar"]
[Result "1/2-1/2"]
[WhiteElo "2074"]
[BlackElo "2074"]
[PlyCount "33"]
[EventDate "2009.10.18"]
[EventType "team-tourn"]
[EventRounds "9"]
[EventCountry "GER"]
[SourceTitle "EXT 2011"]
[Source "ChessBase"]
[SourceDate "2010.11.26"]
[SourceVersion "1"]
[SourceVersionDate "2010.11.26"]
[SourceQuality "1"]
[WhiteTeam "Preetz"]
[BlackTeam "Neumuenster"]
[WhiteTeamCountry "GER"]
[BlackTeamCountry "GER"]

1. e4 c5 2. c3 e6 3. d4 d5 4. exd5 exd5 5. Nf3 Nf6 6. Bb5+ Bd7 7. Bxd7+ Nbxd7 8. 0-0 Be7 9. Ne5 0-0 10. Bg5 Re8 11. Nxd7 Qxd7 12. dxc5 Ne4 13. Bxe7 Rxe7 14. Qd4 Rc8 15. Nd2 Nxc5 16. Rfe1 Re6 17. Nf3 1/2-1/2

[Event "Oberliga Nord N 0910"]
[Site "Germany"]
[Date "2009.11.29"]
[Round "3.5"]
[White "Neumann, Frank"]
[Black "Marxen, Peter"]
[Result "0-1"]
[WhiteElo "2087"]
[BlackElo "2074"]
[PlyCount "160"]
[EventDate "2009.10.18"]
[EventType "team-tourn"]
[EventRounds "9"]
[EventCountry "GER"]
[SourceTitle "EXT 2011"]
[Source "ChessBase"]
[SourceDate "2010.11.26"]
[SourceVersion "1"]
[SourceVersionDate "2010.11.26"]
[SourceQuality "1"]
[WhiteTeam "Neukloster"]
[BlackTeam "Preetz"]
[WhiteTeamCountry "GER"]
[BlackTeamCountry "GER"]

1. Nf3 Nf6 2. c4 e6 3. Nc3 Bb4 4. Qc2 0-0 5. a3 Bxc3 6. Qxc3 d6 7. d4 b6 8. g3 Bb7 9. Bg2 Nbd7 10. 0-0 a5 11. b3 Qe7 12. Bb2 Ne4 13. Qc2 f5 14. Rfd1 Ndf6 15. b4 axb4 16. axb4 Ng4 17. Rxa8 Rxa8 18. Rf1 Qe8 19. h3 Ngf6 20. b5 Ra2 21. Ra1 Rxa1+ 22. Bxa1 Qa8 23. Qc1 Qa2 24. Bb2 h6 25. Ne1 Kf7 26. Nd3 Qb3 27. Kh2 Qa4 28. f3 Ng5 29. h4 Ngh7 30. Nf2 Kg8 31. e4 fxe4 32. fxe4 Qa8 33. d5 e5 34. Bh3 Bc8 35. Bxc8 Qxc8 36. Qd1 Nf8 37. Bc1 Qa8 38. Qc2 Qa1 39. g4 Qd4 40. g5 hxg5 41. Bxg5 N8h7 42. Qe2 Nxg5 43. hxg5 Nh7 44. Nh3 Nf8 45. g6 Nxg6 46. Qg4 Qd2+ 47. Kg1 Qe1+ 48. Kh2 Qd2+ 49. Kg1 Nf4 50. Qc8+ Kh7 51. Qf5+ g6 52. Qf7+ Kh6 53. Nxf4 Qe3+ 54. Kh2 exf4 55. Qf8+ Kg5 56. Qe7+ Kg4 57. Qe6+ Kh5 58. Qh3+ Kg5 59. Qg2+ Kf6 60. Qb2+ Kf7 61. Qh8 Qxe4 62. Qh7+ Kf6 63. Qxc7 Qe2+ 64. Kh1 f3 65. Qxd6+ Kg5 66. Qd8+ Kf5 67. Qc8+ Ke5 68. Qh8+ Ke4 69. Qe8+ Kd4 70. Qh8+ Kxc4 71. Qc8+ Kd4 72. Qg4+ Kxd5 73. Qd7+ Kc4 74. Qc6+ Kb4 75. Qd6+ Kxb5 76. Qd7+ Kb4 77. Qd6+ Kc3 78. Qf6+ Kd2 79. Qg5+ Kd1 80. Qd5+ Ke1 0-1

[Event "BL2-Nord 0708"]
[Site "Germany"]
[Date "2008.04.06"]
[Round "8.4"]
[White "Marxen, Peter"]
[Black "Von Herman, Ulf"]
[Result "0-1"]
[WhiteElo "2188"]
[BlackElo "2365"]
[PlyCount "58"]
[EventDate "2007.10.21"]
[EventType "team-tourn"]
[EventRounds "9"]
[EventCountry "GER"]
[SourceTitle "EXT 2009"]
[Source "ChessBase"]
[SourceDate "2008.11.26"]
[SourceVersion "1"]
[SourceVersionDate "2008.11.26"]
[SourceQuality "1"]
[WhiteTeam "Preetz"]
[BlackTeam "Koenig Tegel"]
[WhiteTeamCountry "GER"]
[BlackTeamCountry "GER"]

1. e4 g6 2. d4 Bg7 3. Nc3 d6 4. Nf3 a6 5. Be3 Nd7 6. Qd2 b5 7. a4 b4 8. Nd1 c5 9. dxc5 dxc5 10. Qd5 Rb8 11. Bc4 e6 12. Qd3 Ra8 13. 0-0 Ne7 14. c3 Nc6 15. cxb4 cxb4 16. Bf4 Bb7 17. Qe3 Nce5 18. Nxe5 Nxe5 19. Be2 0-0 20. Rc1 Rc8 21. Rxc8 Qxc8 22. Bh6 Bxh6 23. Qxh6 Qc2 24. Qe3 Rd8 25. Qb6 Rd7 26. Qe3 Rd2 27. Re1 Nd3 28. Bxd3 Rxd3 29. Qe2 Rd2 0-1

[Event "BL2-Nord 0708"]
[Site "Germany"]
[Date "2007.11.04"]
[Round "2.5"]
[White "Marxen, Peter"]
[Black "Huschenbeth, Niclas"]
[Result "1-0"]
[WhiteElo "2188"]
[BlackElo "2306"]
[PlyCount "75"]
[EventDate "2007.10.21"]
[EventType "team-tourn"]
[EventRounds "9"]
[EventCountry "GER"]
[SourceTitle "EXT 2009"]
[Source "ChessBase"]
[SourceDate "2008.11.26"]
[SourceVersion "1"]
[SourceVersionDate "2008.11.26"]
[SourceQuality "1"]
[WhiteTeam "Preetz"]
[BlackTeam "Hamburger SK  II"]
[WhiteTeamCountry "GER"]
[BlackTeamCountry "GER"]

1. e4 e5 2. Nf3 Nc6 3. d4 exd4 4. Nxd4 Nf6 5. Nxc6 bxc6 6. Nc3 d6 7. Bd3 g6 8. 0-0 Bg7 9. Bg5 h6 10. Bf4 0-0 11. h3 Rb8 12. Rb1 Nh5 13. Be3 a5 14. Be2 Nf6 15. Qd2 Kh7 16. f4 Re8 17. Bf3 Bb7 18. Ba7 Ra8 19. Bf2 Nd7 20. Bd4 c5 21. Bxg7 Kxg7 22. e5 Bxf3 23. Rxf3 Nb6 24. exd6 cxd6 25. Nd5 Nxd5 26. Qxd5 Re2 27. f5 Re5 28. Qd3 Qb6 29. Kh1 Rae8 30. fxg6 fxg6 31. Rbf1 Qc7 32. Rf6 Rg5 33. Rxd6 Re7 34. Rd5 Rg3 35. Qd2 Rge3 36. Qf2 Qc8 37. Qf6+ Kh7 38. Qf2 1-0

[Event "BL2-Nord 0607"]
[Site "Germany"]
[Date "2007.02.25"]
[Round "6.4"]
[White "Piz, Maxim"]
[Black "Marxen, Peter"]
[Result "1/2-1/2"]
[WhiteElo "2175"]
[BlackElo "2175"]
[PlyCount "26"]
[EventDate "2006.10.15"]
[EventType "team-tourn"]
[EventRounds "9"]
[EventCountry "GER"]
[SourceTitle "EXT 2008"]
[Source "ChessBase"]
[SourceDate "2007.11.25"]
[SourceVersion "1"]
[SourceVersionDate "2007.11.25"]
[SourceQuality "1"]
[WhiteTeam "Steglitz Wilmersdorf"]
[BlackTeam "Preetz"]
[WhiteTeamCountry "GER"]
[BlackTeamCountry "GER"]

1. e4 e5 2. Nf3 Nc6 3. Bb5 a6 4. Ba4 Nf6 5. 0-0 b5 6. Bb3 Be7 7. Re1 0-0 8. c3 d5 9. exd5 Nxd5 10. d4 exd4 11. Nxd4 Nxd4 12. Bxd5 Qxd5 13. Qxd4 Qxd4 1/2-1/2

[Event "GER-ch37 V3 email"]
[Site "GER email"]
[Date "2007.??.??"]
[Round "?"]
[White "Achilles, Edgar"]
[Black "Marxen, Peter"]
[Result "1-0"]
[WhiteElo "2116"]
[BlackElo "2107"]
[PlyCount "63"]
[EventDate "2007.??.??"]
[EventType "tourn (corr)"]
[EventRounds "10"]
[EventCountry "GER"]
[SourceTitle "Corr 2008"]
[Source "ChessBase"]
[SourceDate "2008.06.24"]
[SourceVersion "1"]
[SourceVersionDate "2008.06.24"]
[SourceQuality "1"]

1. d4 d5 2. c4 c6 3. Nf3 Nf6 4. Nc3 e6 5. e3 Nbd7 6. Qc2 Bd6 7. Bd3 0-0 8. 0-0 dxc4 9. Bxc4 Qe7 10. Bd2 e5 11. Ng5 h6 12. Nge4 Nxe4 13. Nxe4 exd4 14. exd4 Nf6 15. Nxd6 Qxd6 16. Rae1 b5 17. Bb3 a5 18. a3 Bd7 19. Ba2 Rfe8 20. Rxe8+ Rxe8 21. Bxa5 Be6 22. Bxe6 Rxe6 23. Bc3 Ng4 24. g3 Qd5 25. Re1 Rxe1+ 26. Bxe1 Nf6 27. Qd3 Qa2 28. Qc3 Qd5 29. f3 h5 30. b3 h4 31. gxh4 Qe6 32. Bg3 1-0

[Event "GER-ch37 V3 email"]
[Site "GER email"]
[Date "2007.??.??"]
[Round "?"]
[White "Marxen, Peter"]
[Black "Traut, Werner"]
[Result "1-0"]
[WhiteElo "2107"]
[BlackElo "2107"]
[PlyCount "119"]
[EventDate "2007.??.??"]
[EventType "tourn (corr)"]
[EventRounds "10"]
[EventCountry "GER"]
[SourceTitle "Corr 2008"]
[Source "ChessBase"]
[SourceDate "2008.06.24"]
[SourceVersion "1"]
[SourceVersionDate "2008.06.24"]
[SourceQuality "1"]

1. e4 c5 2. Nf3 d6 3. d4 cxd4 4. Nxd4 Nf6 5. Nc3 g6 6. Be3 Bg7 7. f3 0-0 8. Qd2 Nc6 9. 0-0-0 Nxd4 10. Bxd4 Be6 11. Kb1 Qc7 12. h4 h5 13. g4 Rfc8 14. gxh5 Nxh5 15. Bxg7 Kxg7 16. Rg1 Nf6 17. Bd3 Qa5 18. Rg5 Rc5 19. f4 d5 20. f5 d4 21. fxe6 dxc3 22. bxc3 Rxg5 23. hxg5 Ng4 24. Bc4 Ne5 25. Bb3 fxe6 26. Bxe6 Nf3 27. Qd7 Qxg5 28. Qxb7 Re8 29. Qxa7 Nd2+ 30. Ka1 Nxe4 31. Qd4+ Nf6 32. Rg1 Qh5 33. Qe3 Qh6 34. Qd3 Qh5 35. Bf5 Kf8 36. Bxg6 Qc5 37. Rb1 Ra8 38. Rb3 Ra4 39. Kb2 Kg7 40. Bf5 Kf7 41. Qh3 Qe5 42. Bd3 Ra5 43. Bc4+ Kg7 44. Qg2+ Qg5 45. Qxg5+ Rxg5 46. Rb7 Re5 47. a4 Ne4 48. Ra7 Kf6 49. a5 Rc5 50. Bd3 Nxc3 51. a6 Nb5 52. Ra8 Ke5 53. a7 e6 54. Bxb5 Rxb5+ 55. Kc3 Ra5 56. Kb4 Ra1 57. c4 Ke4 58. c5 Rb1+ 59. Ka5 Kd5 60. Rc8 1-0

[Event "Berlin Lichtenberger op 5th"]
[Site "Berlin"]
[Date "2006.08.21"]
[Round "3"]
[White "Kalinitschew, Sergey"]
[Black "Marxen, Peter"]
[Result "1-0"]
[WhiteElo "2499"]
[BlackElo "2176"]
[PlyCount "42"]
[EventDate "2006.08.19"]
[EventType "swiss"]
[EventRounds "9"]
[EventCountry "GER"]
[SourceTitle "CBM 113 Extra"]
[Source "ChessBase"]
[SourceDate "2006.09.14"]
[SourceVersion "1"]
[SourceVersionDate "2006.09.14"]
[SourceQuality "1"]

1. d4 d5 2. c4 Nc6 3. Nc3 Nf6 4. Nf3 dxc4 5. e4 Bg4 6. Be3 e6 7. Qa4 Bxf3 8. gxf3 Bb4 9. Bxc4 0-0 10. Rd1 a6 11. Qc2 Nh5 12. a3 Bxc3+ 13. Qxc3 Qf6 14. Rg1 e5 15. d5 Nd4 16. Rxd4 exd4 17. Bxd4 Qh6 18. Be3 Qf6 19. e5 Qe7 20. f4 Rfe8 21. Be2 Qh4 1-0

[Event "Berlin op 08"]
[Site "Berlin"]
[Date "2006.08.19"]
[Round "1"]
[White "Marxen, Peter"]
[Black "Kohlmeyer, Dagobert"]
[Result "1-0"]
[WhiteElo "2120"]
[BlackElo "1819"]
[PlyCount "93"]
[EventDate "2006.08.19"]
[EventType "swiss"]
[EventRounds "9"]
[EventCountry "GER"]
[SourceTitle "EXT 2007"]
[Source "ChessBase"]
[SourceDate "2006.11.23"]
[SourceVersion "1"]
[SourceVersionDate "2006.11.23"]
[SourceQuality "1"]

1. e4 e6 2. d4 d5 3. Nd2 c5 4. exd5 exd5 5. Ngf3 Nc6 6. Bb5 Bd6 7. 0-0 Nge7 8. dxc5 Bxc5 9. Nb3 Bb6 10. Re1 0-0 11. Be3 Bc7 12. Bd3 Bf5 13. Nbd4 Bxd3 14. Qxd3 Nxd4 15. Bxd4 Ng6 16. Rad1 Qd7 17. Ne5 Bxe5 18. Bxe5 Rad8 19. Bc3 f6 20. g3 Qc6 21. h4 Rf7 22. h5 Nf8 23. Qf5 Qd7 24. Qxd7 Rfxd7 25. Bb4 Kf7 26. Bxf8 Rxf8 27. Rd4 Rc8 28. c3 Rc4 29. Red1 Rxd4 30. Rxd4 Ke6 31. f3 Rc7 32. Kf2 Kd6 33. Ra4 a6 34. Rb4 b5 35. Rf4 Re7 36. h6 Ke5 37. hxg7 Rxg7 38. Rh4 a5 39. a3 Rb7 40. Ke3 Rg7 41. g4 Rc7 42. Rh6 Rf7 43. f4+ Ke6 44. Kd4 b4 45. cxb4 axb4 46. axb4 Rb7 47. f5+ 1-0

[Event "Kiel op-A 19th"]
[Site "Kiel"]
[Date "2006.07.25"]
[Round "6"]
[White "Kienitz, Andre"]
[Black "Marxen, Peter"]
[Result "1/2-1/2"]
[WhiteElo "2187"]
[BlackElo "2176"]
[PlyCount "97"]
[EventDate "2006.07.22"]
[EventType "swiss"]
[EventRounds "9"]
[EventCountry "GER"]
[SourceTitle "CBM 113 Extra"]
[Source "ChessBase"]
[SourceDate "2006.09.14"]
[SourceVersion "1"]
[SourceVersionDate "2006.09.14"]
[SourceQuality "1"]

1. e4 e6 2. d4 d5 3. Nd2 Nf6 4. e5 Nfd7 5. c3 c5 6. Bd3 Nc6 7. Ne2 cxd4 8. cxd4 f6 9. exf6 Nxf6 10. 0-0 Bd6 11. Nf3 Qc7 12. Bg5 0-0 13. Bh4 Nh5 14. Qc2 h6 15. Bh7+ Kh8 16. Bg6 Rxf3 17. gxf3 Bxh2+ 18. Kg2 Nf4+ 19. Nxf4 Qxf4 20. Bg3 Bxg3 21. fxg3 Qxd4 22. Rad1 Qf6 23. Be8 e5 24. Bxc6 bxc6 25. Rc1 Bd7 26. Qc5 Qe6 27. Rh1 e4 28. Qe3 exf3+ 29. Qxf3 Qg6 30. Rh4 Bf5 31. Kh2 Be4 32. Qf4 a5 33. Re1 Kg8 34. Rxe4 dxe4 35. Qxe4 Qf6 36. Qd4 Qf3 37. Qc4+ Kh8 38. Rf4 Qh5+ 39. Rh4 Qg5 40. Qf4 Qg6 41. Qe4 Qf7 42. Qxc6 Re8 43. Qc2 Qf1 44. Re4 Rf8 45. Re2 Qf3 46. Rd2 Qh5+ 47. Kg2 Qf3+ 48. Kh2 Qh5+ 49. Kg2 1/2-1/2

[Event "Kiel op-A 19th"]
[Site "Kiel"]
[Date "2006.07.23"]
[Round "4"]
[White "Von Hassel, Ulf"]
[Black "Marxen, Peter"]
[Result "0-1"]
[WhiteElo "2120"]
[BlackElo "2176"]
[PlyCount "118"]
[EventDate "2006.07.22"]
[EventType "swiss"]
[EventRounds "9"]
[EventCountry "GER"]
[SourceTitle "CBM 113 Extra"]
[Source "ChessBase"]
[SourceDate "2006.09.14"]
[SourceVersion "1"]
[SourceVersionDate "2006.09.14"]
[SourceQuality "1"]

1. e4 c5 2. Nf3 Nc6 3. d3 g6 4. g3 Bg7 5. Bg2 e5 6. c3 Nge7 7. Nbd2 d6 8. a3 0-0 9. 0-0 h6 10. b4 Be6 11. Re1 Qd7 12. Bb2 Bh3 13. Nc4 Bxg2 14. Kxg2 f5 15. h3 b6 16. b5 Nd8 17. a4 Nf7 18. Qb3 d5 19. Ncd2 c4 20. Qa2 cxd3 21. exd5 e4 22. Nd4 Nxd5 23. Rac1 Rac8 24. Nc6 Rfe8 25. c4 Ne7 26. Bxg7 Kxg7 27. Qb2+ Kg8 28. Ne5 Nxe5 29. Qxe5 Red8 30. f3 Rc5 31. Qf4 g5 32. Qe3 exf3+ 33. Qxf3 Ng6 34. Kh2 Re5 35. h4 Rde8 36. Rxe5 Nxe5 37. Qd5+ Qxd5 38. cxd5 Ng4+ 39. Kg1 Kf8 40. hxg5 hxg5 41. d6 Kf7 42. Rc7+ Ke6 43. Nc4 d2 44. Nxd2 Kxd6 45. Rc6+ Kd7 46. Nf3 Re3 47. Nd4 Rxg3+ 48. Kf1 Ra3 49. Ne6 Rxa4 50. Nxg5 Ra5 51. Rg6 Rxb5 52. Rg7+ Kd6 53. Rxa7 Ra5 54. Rb7 Kc6 55. Rf7 Rd5 56. Ke2 b5 57. Nh3 b4 58. Nf4 Rb5 59. Kd2 Kd6 0-1

[Event "Bad Woerishofen op 22nd"]
[Site "Bad Woerishofen"]
[Date "2006.03.21"]
[Round "5"]
[White "Bogner, Sebastian"]
[Black "Marxen, Peter"]
[Result "1-0"]
[WhiteElo "2299"]
[BlackElo "2165"]
[PlyCount "95"]
[EventDate "2006.03.17"]
[EventType "swiss"]
[EventRounds "9"]
[EventCountry "GER"]
[SourceTitle "CBM 111 Extra"]
[Source "ChessBase"]
[SourceDate "2006.05.09"]
[SourceVersion "1"]
[SourceVersionDate "2006.05.09"]
[SourceQuality "1"]

1. e4 c5 2. Nf3 g6 3. c4 Nc6 4. d4 cxd4 5. Nxd4 Nf6 6. Nc3 d6 7. Be2 Nxd4 8. Qxd4 Bg7 9. Bg5 0-0 10. Qd2 Be6 11. Rc1 Qa5 12. b3 Rfc8 13. f3 a6 14. Nd5 Qxd2+ 15. Kxd2 Bxd5 16. exd5 Kf8 17. Bd3 Nd7 18. Rhe1 Re8 19. Re2 Nc5 20. Rce1 Nxd3 21. Kxd3 f6 22. Bd2 a5 23. Be3 e5 24. dxe6 Rxe6 25. Bf4 Rxe2 26. Rxe2 Rd8 27. Kd4 f5+ 28. Kd5 Be5 29. Bg5 Rc8 30. f4 Bg7 31. Be7+ Kf7 32. Bxd6 Bf6 33. c5 h6 34. a3 g5 35. Rf2 g4 36. Re2 h5 37. b4 axb4 38. axb4 Ra8 39. Kc4 Ra3 40. Kb5 Ra6 41. Kc4 Ra3 42. b5 h4 43. Kb4 Ra1 44. c6 Rb1+ 45. Kc5 bxc6 46. Kxc6 Rc1+ 47. Kb7 Rd1 48. Bc7 1-0

[Event "Bad Woerishofen op 22nd"]
[Site "Bad Woerishofen"]
[Date "2006.03.18"]
[Round "2"]
[White "Marxen, Peter"]
[Black "Michalczak, Thomas"]
[Result "0-1"]
[WhiteElo "2165"]
[BlackElo "2361"]
[PlyCount "52"]
[EventDate "2006.03.17"]
[EventType "swiss"]
[EventRounds "9"]
[EventCountry "GER"]
[SourceTitle "CBM 111 Extra"]
[Source "ChessBase"]
[SourceDate "2006.05.09"]
[SourceVersion "1"]
[SourceVersionDate "2006.05.09"]
[SourceQuality "1"]

1. e4 c5 2. c3 Nf6 3. e5 Nd5 4. d4 cxd4 5. cxd4 d6 6. Nf3 e6 7. Bc4 Nc6 8. 0-0 Be7 9. Bxd5 exd5 10. Nc3 Be6 11. exd6 Bxd6 12. Bg5 f6 13. Re1 Kf7 14. Bh4 Qd7 15. Bg3 Bb4 16. Qd2 Bg4 17. Re3 Rae8 18. Rd1 Re4 19. Rd3 Rhe8 20. Qc1 Bxf3 21. gxf3 R4e7 22. Qb1 Qh3 23. a3 Bxc3 24. bxc3 Na5 25. Rf1 Nc4 26. Qb5 Re1 0-1

[Event "Kiel op 18th"]
[Site "Kiel"]
[Date "2005.07.29"]
[Round "8"]
[White "Meyer, Malte"]
[Black "Marxen, Peter"]
[Result "1-0"]
[WhiteElo "2295"]
[BlackElo "2168"]
[PlyCount "101"]
[EventDate "2005.07.23"]
[EventType "swiss"]
[EventRounds "9"]
[EventCountry "GER"]
[SourceTitle "CBM 107 Extra"]
[Source "ChessBase"]
[SourceDate "2005.09.01"]
[SourceVersion "1"]
[SourceVersionDate "2005.09.01"]
[SourceQuality "1"]

1. d4 d5 2. c4 e6 3. Nc3 Be7 4. Nf3 Nf6 5. Bg5 h6 6. Bh4 0-0 7. e3 Ne4 8. Bxe7 Qxe7 9. Qc2 Nxc3 10. Qxc3 c6 11. Bd3 dxc4 12. Bxc4 Nd7 13. 0-0 b6 14. e4 c5 15. d5 e5 16. Rad1 Qd6 17. Bb5 f6 18. Nd2 Bb7 19. Qh3 Nb8 20. Nc4 Qd8 21. Ne3 Bc8 22. Qg3 a6 23. Be2 Ra7 24. Rd2 Nc6 25. Bg4 Nd4 26. f4 exf4 27. Qxf4 Bxg4 28. Qxg4 a5 29. h3 Kh8 30. Nf5 Nxf5 31. Rxf5 c4 32. e5 fxe5 33. Rxf8+ Qxf8 34. d6 Rf7 35. d7 Qd8 36. Qe6 Rf8 37. Qxe5 b5 38. Qxb5 Qh4 39. Qd5 Qe1+ 40. Kh2 Rd8 41. Qxa5 Qe7 42. Qc7 Kh7 43. a4 g5 44. Qd6 Qe1 45. Rd4 Qe2 46. Qc5 Qe6 47. Qd5 Qb6 48. Rxc4 Qb8+ 49. Kh1 Qxb2 50. Qe4+ Kg8 51. Qg6+ 1-0

[Event "Kiel op 18th"]
[Site "Kiel"]
[Date "2005.07.24"]
[Round "4"]
[White "Schwarz, Frank"]
[Black "Marxen, Peter"]
[Result "1/2-1/2"]
[WhiteElo "2227"]
[BlackElo "2168"]
[PlyCount "22"]
[EventDate "2005.07.23"]
[EventType "swiss"]
[EventRounds "9"]
[EventCountry "GER"]
[SourceTitle "CBM 107 Extra"]
[Source "ChessBase"]
[SourceDate "2005.09.01"]
[SourceVersion "1"]
[SourceVersionDate "2005.09.01"]
[SourceQuality "1"]

1. d4 d5 2. Nf3 Nf6 3. e3 e6 4. Bd3 Be7 5. Nbd2 b6 6. 0-0 0-0 7. Ne5 Bb7 8. Qf3 Nbd7 9. Qh3 Ne4 10. f3 Ng5 11. Qg3 f5 1/2-1/2